000 01235nam0a22002651i 4500
001 rc\220876
005 20240726100918.0
035 _a(NLR Aleph) 008767948
090 _a7905966
_c7905966
100 _a20030307d1991 u |0rusy50 ca
101 0 _arus
102 _aRU
105 _aa |||||||||
200 1 _aКомплексное хирургическое лечение несросшихся переломов ложных суставов и дефектов шейки бедренной кости
_e(Клинико-эксперим. исслед.)
_eАвтореф. дис. на соиск. учен. степ. канд. мед. наук
_e(14.00.22)
_fНИИ травматологии и ортопедии
210 _aТашкент
_d1991
215 _a23 с.
_cграф.
320 _aБиблиогр.: с. 22-23 (5 назв.)
606 1 _aПсевдоартрозы шейки бедра
_xХирургическое лечение
_2nlr_sh1
606 1 _aШейка бедра
_xХирургия
_2nlr_sh1
700 1 _aЭргашев
_bЖ.Э.
_gЖура Эшманович
801 0 _aRU
_bNLR
_gpsbo
801 1 _aRU
_bELAR
_2rusmarc
801 2 _aRU
_bNLR
_c20050526
_2rusmarc
852 _aNLR
_jА91/10898
942 _cBOOK